Decision & control in management science : essays in honor of Alan [as printed.] Hauras printed /

Bibliographic Details
Other Authors: Haurie, A. (Alain), 1940-, Zaccour, Georges
Format: Book
Language:English
Published: Boston : Kluwer Academic Publishers, [2002]
Series:Advances in computational management science ; v. 4.
Subjects:

MARC

Tag First Indicator Second Indicator Subfields
LEADER 00000cam a22000004a 4500
001 in00001710013
005 20151024170056.0
008 011012s2002 maua b 010 0 eng
010 |a  2001053968 
015 |a GBA1-U4508 
019 |a 48487008 
020 |a 0792379373 (hc : alk. paper) 
035 |a (OCoLC)ocm48375800 
040 |a DLC  |c DLC  |d UKM  |d OHX  |d UtOrBLW 
042 |a pcc 
049 |a TXAM 
050 0 0 |a T56.25  |b .D43 2002 
072 7 |a T  |2 lcco 
082 0 0 |a 658.4  |2 21 
245 0 0 |a Decision & control in management science :  |b essays in honor of Alan [as printed.] Hauras printed /  |c edited by Georges Zaccour. 
246 3 |a Decision and control in management science 
264 1 |a Boston :  |b Kluwer Academic Publishers,  |c [2002] 
264 4 |c ©2002 
300 |a xviii, 420 pages :  |b illustrations ;  |c 25 cm. 
336 |a text  |b txt  |2 rdacontent 
337 |a unmediated  |b n  |2 rdamedia 
338 |a volume  |b nc  |2 rdacarrier 
490 1 |a Advances in computational management science ;  |v v. 4 
504 |a Includes bibliographical references. 
650 0 |a Management science. 
650 0 |a Operations research. 
700 1 |a Haurie, A.  |q (Alain),  |d 1940- 
700 1 |a Zaccour, Georges. 
830 0 |a Advances in computational management science ;  |v v. 4. 
938 |a Otto Harrassowitz  |b HARR  |n har025008726  |c 143.00 DEM 
994 |a E0  |b TXA 
948 |a cataloged  |b h  |c 2002/12/17  |d c  |e bwalker  |f 11:33:35 am 
999 |a MARS 
999 f f |s 71d78f84-5d57-3edb-82c5-d5a3071090ad  |i 0dbc4389-b00f-3204-93c6-e72f09358e06  |t 0 
952 f f |p ric  |a Texas A&M University  |b Rellis Campus  |c Joint Library Facility  |d Remote Storage  |t 0  |e T56.25 .D43 2002  |h Library of Congress classification  |i unmediated -- volume  |m A14829574528 
998 f f |a T56.25 .D43 2002  |t 0  |l Remote Storage